000 004600000a22001810004500
020 _a06-080348-7
041 0 _aENG
082 0 4 _aG 616.8914 G5495r
100 1 _aGlasser, William (1925- )
245 1 0 _aReality therapy / William Glasser
260 _aNew York, USA : Harper and Row
300 _a206 Pag
001 10583
942 _cBK
999 _c40099
_d40099
336 _atexto
_btxt
_2rdacontent
337 _2rdamedia
_asin mediación
_bn
338 _2rdacarrier
_avolumen
_bnc